Pengucapan awam

Bibliographic Details
Main Author: Sallehuddin Mohd Nor
Other Authors: Ishak Abdul Rahman, Jallaluddin Mohd. Noor
Format: Book
Language:Malay
Published: Australia : Thomson Learning , 2003
Subjects:

MARC

LEADER 00000cam a2200000 7i4500
001 0000016427
005 20230510.0
008 060329 at may
020 |a 9812434801 
040 |a INS 
090 0 0 |a PR4121   |b .S168 2003 
100 0 |a Sallehuddin Mohd Nor 
245 1 0 |a Pengucapan awam   |c Sallehuddin Mohd Nor, Jallaluddin Mohd. Nor dan Ishak Abd Rahman 
260 |a Australia :   |b Thomson Learning ,   |c 2003 
300 |a vi,88 p. :   |b ill. ;   |c 25cm. 
504 |a Includes bibliographical references and index 
650 0 |a Public Speaking 
700 0 |a Ishak Abdul Rahman 
700 0 |a Jallaluddin Mohd. Noor 
999 |a 0000016197   |b BOOK   |c Open Shelf   |e Default branch